00000000cam 2200000zi 4500
0019.961511
003CaOODSP
00520260429142018
006m     o  d f      
007cr cn|||||||||
008260331t20262026qucao   ob   f000 0 fre d
020 |a9780660993300
040 |aCaOODSP|bfre|erda|cCaOODSP
043 |an-cn---
0861 |aEn4-792/2026F-PDF
24504|aUne force de la nature : |bla stratégie du Canada pour protéger la nature.
24610|aStratégie du Canada pour protéger la nature
264 1|aGatineau (Québec) : |bGouvernement du Canada = Government of Canada, |c[2026]
264 4|c©2026
300 |a1 ressource en ligne (15 pages) : |billustrations, photographies
336 |atexte|btxt|2rdacontent/fre
337 |ainformatique|bc|2rdamedia/fre
338 |aressource en ligne|bcr|2rdacarrier/fre
500 |aTitre de la couverture.
500 |aPublié par Environnement et changement climatique Canada.
500 |aPublié aussi en anglais sous le titre : A force of nature : Canada's strategy to protect nature.
500 |aLe fichier de publication en format PDF a été remplacé le 29 avril 2026 à la demande d'Environnement et changement climatique Canada.
504 |aComprend des références bibliographiques.
520 |a« Nous envisageons un Canada qui protège, restaure et valorise la nature en tant que fondement de notre économie, de notre souveraineté et de notre bien-être, et qui joue un rôle de premier plan tant au niveau national qu'international afin de garantir des écosystèmes sains, des communautés résilientes et la prospérité pour les générations actuelles et futures » -- La vision du nouveau gouvernement, page 3.
650 6|aNature|xConservation|xPolitique gouvernementale|zCanada.
650 6|aNature|xConservation|zCanada|xPlanification.
7101 |aCanada. |bEnvironnement et changement climatique Canada, |eorganisme de publication.
77508|tA force of nature : |w(CaOODSP)9.961510
85640|qPDF|s4.91 Mo|uhttps://publications.gc.ca/collections/collection_2026/eccc/en4/En4-792-2026-fra.pdf
986 |aEC25164